Alphabet Harry potter - Statistiques

Statistiques générales
  • Ce quiz a été pris 145 fois
  • Le résultat moyen est 18 sur 26
Statistiques - réponses
Hint Réponse % Correct
J Le mois d’anniversaire D’harryPotter Juillet
92%
A L’animal représentant la maison de la sagesse Aigle
90%
B Le serpent se cachant dans la chambre des secrets Basilic
89%
E Le poudlard…. Express
88%
L La dernière épreuve de la coupe de feu Labyrinthe
88%
I La forêt… Interdite
86%
N Le créateur de pierre philosophale.….. Flammel. Nicolas
86%
O Le sort qu’hermione lancé sur ses parents Oubliette
82%
R La baguette de sureau en est une Relique
81%
W Le nom de famille des jumeaux Weasley
81%
G La maison du fantôme de « Nick quasi sans tête » Gryffondor
80%
M Le prénom de la professeur de Métamorphose Minerva
79%
S Le prénom du prince de sang-mêlé Severus
79%
C Le nom de la première amoureuse D’harry Potter Cho chang
77%
K L’elfe de maison de la famille Black Kreatur
71%
F Le phénix d’aluns dumbledore Fumseck
68%
D L’école ayant comme vedette Victor Krum Durmstrang
66%
V Mme Bobine enseigne cette discipline Vol
63%
H Le prénom d’un des quatres fondateurs de poudlard Helga
61%
P Au quidditch , ce poste consiste a lancer le souaffle à travers des anneaux Poursuiveur
60%
X Le père de Luna Lovegood Xenophilius
58%
Q Cornedrue, Lunard, Patmol et.. Queudver
55%
Z ….. Blaise Zabini
48%
Y Mange mort travaillant au ministère de la magie Yaxley
37%
U Le nom anglais d’Ombrage Umbrage
36%
T Il faut taper dessus en rythme pourentre dans la salle commune de Poufsouffle Tonneaux
24%
Aucun quiz correspondant
Distribution des résultats
% des personnes avec chaque résultat
Percentile par nombre de réponses
Votre historique - résultats
Vous n’avez pas pris ce quiz